000 01218nam2a2200241 4500
001 rc\2930191
005 20260315055119.0
035 _a(NLR Aleph) 007079752
090 _a13596988
_c13596988
100 _a20110818d1939 u y0rusy50 ca
101 0 _arus
102 _aRU
105 _aa z |||||
200 1 _aОднократные телеграфные аппараты
210 _d1939
215 _a244 с.
_cил., черт.
320 _aБиблиогр.: с. 241-3
461 0 _1001rc\2930190
_12001#$aТелеграфия$eУтв. ВКВШ при СНК СССР в качестве учебника для втузов связи$fпроф. В.И. Величутин и доц. Н.Б. Зелигер$vЧ. 2
_1700#1$aВеличутин$bВ.И.$gВасилий Иванович$f1891-
_96464841
_aВеличутин, В.И. (1891-)
_cМосква
_d1939
_fпроф. В.И. Величутин и доц. Н.Б. Зелигер
_nСвязьиздат
_oУтв. ВКВШ при СНК СССР в качестве учебника для втузов связи
_tТелеграфия
_vЧ. 2
801 0 _aRU
_bNLR
_gpsbo
801 1 _aRU
_bELAR
_2rusmarc
852 _aNLR
_j39-18/227(2)
942 _cUNSPEC
980 _aNB